[Event "Barcelona Sant Marti op-B 24th"]
[Site "Barcelona"]
[Date "2024.07.19"]
[Round "7"]
[White "Roche Peris, Eduard"]
[Black "Escriba Castelltort, Josep Maria"]
[Result "1/2-1/2"]
[WhiteElo "1768"]
[BlackElo "1886"]
[PlyCount "167"]
[EventDate "2024.07.13"]
[EventType "swiss"]
[EventRounds "9"]
[EventCountry "ESP"]
[SourceTitle "EXT 2025"]
[Source "ChessBase"]
[SourceDate "2024.10.14"]
[SourceVersion "1"]
[SourceVersionDate "2024.10.14"]
[SourceQuality "1"]

1. e4 e5 2. Nf3 Nc6 3. Bc4 Nf6 4. d3 h6 5. c3 Bc5 6. b4 Bb6 7. a4 a6 8. 0-0 0-0 9. Qe2 d6 10. h3 Be6 11. Bxe6 fxe6 12. Be3 Bxe3 13. fxe3 d5 14. Nbd2 d4 15. b5 dxc3 16. bxc6 cxd2 17. cxb7 Ra7 18. Rab1 Qb8 19. Nxe5 Rxb7 20. Rxb7 Qxb7 21. Qxd2 Rd8 22. Qa2 Rd6 23. Qc4 Qb6 24. Qc1 Rd8 25. Re1 Kh7 26. Qc2 Rb8 27. Nc4 Qb3 28. Rc1 Qxc2 29. Rxc2 Rb4 30. a5 Ra4 31. Kf2 Kg8 32. Ke2 Kf8 33. Kd2 Ke7 34. Kc3 Nd7 35. d4 Nf6 36. Kb3 Ra1 37. Kb2 Ra4 38. Ne5 Rb4+ 39. Ka3 Rb7 40. Nc6+ Kd7 41. e5 Nd5 42. e4 Ne3 43. Rc3 Nxg2 44. Nb4 Nf4 45. Nxa6 Ra7 46. Nc5+ Ke7 47. Ka4 g5 48. Rb3 Ne2 49. d5 exd5 50. exd5 Nf4 51. d6+ cxd6 52. exd6+ Kxd6 53. Ne4+ Ke5 54. Nc5 Kd5 55. Nd3 Ke4 56. Nf2+ Kd4 57. Rb4+ Ke5 58. Ng4+ Kd5 59. h4 Nd3 60. Rb5+ Kc4 61. Ne5+ Nxe5 62. Rxe5 Rg7 63. hxg5 hxg5 64. Re4+ Kc5 65. Rg4 Rg6 66. a6 Rxa6+ 67. Kb3 Rg6 68. Kc3 Kd5 69. Kd3 Ke5 70. Ke3 Kf5 71. Kf3 Ra6 72. Rc4 Ra3+ 73. Kg2 Kg6 74. Rd4 Kh5 75. Re4 Rd3 76. Rc4 g4 77. Rc7 Kg6 78. Rc5 Rf3 79. Rc8 Kg5 80. Rg8+ Kf4 81. Rf8+ Ke3 82. Re8+ Kd4 83. Rg8 Rf4 84. Kg3 1/2-1/2

[Event "Barcelona Sant Marti op-B 24th"]
[Site "Barcelona"]
[Date "2024.07.18"]
[Round "6"]
[White "Escriba Castelltort, Josep Maria"]
[Black "Om, Batra"]
[Result "0-1"]
[WhiteElo "1886"]
[BlackElo "1833"]
[PlyCount "120"]
[EventDate "2024.07.13"]
[EventType "swiss"]
[EventRounds "9"]
[EventCountry "ESP"]
[SourceTitle "EXT 2025"]
[Source "ChessBase"]
[SourceDate "2024.10.14"]
[SourceVersion "1"]
[SourceVersionDate "2024.10.14"]
[SourceQuality "1"]

1. c4 c6 2. g3 d5 3. cxd5 cxd5 4. Bg2 Nc6 5. d4 Bf5 6. Nf3 h6 7. 0-0 e6 8. Bf4 Bd6 9. Bxd6 Qxd6 10. Nc3 a6 11. a3 Nf6 12. Rc1 0-0 13. Na4 Nd7 14. Nc5 b6 15. Nxd7 Qxd7 16. Qb3 Qb7 17. Rc3 Be4 18. Rfc1 Rac8 19. e3 Na5 20. Qd1 Nc4 21. b4 b5 22. Nd2 Bxg2 23. Kxg2 Nxd2 24. Qxd2 Rc4 25. f3 Rfc8 26. Kf2 R8c7 27. Rxc4 dxc4 28. Rc3 Rd7 29. Qc2 f5 30. a4 g5 31. axb5 axb5 32. Ra3 Kg7 33. Qa2 g4 34. f4 Qf3+ 35. Kg1 Rc7 36. Qb2 Kf6 37. Qc1 Qe2 38. Qc3 Qd1+ 39. Kg2 Qf3+ 40. Kg1 h5 41. Ra6 Qd5 42. Ra3 Rh7 43. Qe1 Rh8 44. h4 gxh3 45. Qf1 h2+ 46. Kxh2 h4 47. Qg2 hxg3+ 48. Kxg3 Qxg2+ 49. Kxg2 Rc8 50. Rc3 Ra8 51. Kf3 Ra4 52. e4 Rxb4 53. exf5 Kxf5 54. Rc1 Rb3+ 55. Kf2 Kxf4 56. Re1 Rb2+ 57. Kf1 Kf3 58. Rxe6 Rb1+ 59. Re1 Rxe1+ 60. Kxe1 Ke4 0-1

[Event "Barcelona Sant Marti op-B 24th"]
[Site "Barcelona"]
[Date "2024.07.16"]
[Round "4"]
[White "Escriba Castelltort, Josep Maria"]
[Black "Elizondo Marquet, Juan Marcos"]
[Result "1/2-1/2"]
[WhiteElo "1886"]
[BlackElo "1828"]
[PlyCount "62"]
[EventDate "2024.07.13"]
[EventType "swiss"]
[EventRounds "9"]
[EventCountry "ESP"]
[SourceTitle "EXT 2025"]
[Source "ChessBase"]
[SourceDate "2024.10.14"]
[SourceVersion "1"]
[SourceVersionDate "2024.10.14"]
[SourceQuality "1"]

1. c4 e5 2. g3 Nf6 3. Bg2 Nc6 4. Nc3 Bc5 5. e3 d5 6. cxd5 Nb4 7. d4 exd4 8. exd4 Be7 9. Nge2 Nbxd5 10. 0-0 0-0 11. Nxd5 Nxd5 12. Nc3 Be6 13. Re1 Bb4 14. Bd2 c6 15. a3 Ba5 16. Ne4 Bxd2 17. Qxd2 Bf5 18. Nc5 b6 19. Nb3 Rc8 20. Rac1 Be6 21. Qd3 Qd6 22. Nd2 Nf6 23. Nc4 Bxc4 24. Qxc4 Rfd8 25. Bxc6 Qxd4 26. Qe2 g6 27. Red1 Qg4 28. Rxd8+ Rxd8 29. Qe7 Rd1+ 30. Rxd1 Qxd1+ 31. Kg2 Qd4 1/2-1/2